International trade and finance: frontiers for research (Record no. 307)

MARC details
000 -LEADER
fixed length control field 00458nam a2200169Ia 4500
020 ## - INTERNATIONAL STANDARD BOOK NUMBER
ISBN 0 52120 719 3
082 ## - DEWEY DECIMAL CLASSIFICATION NUMBER
Classification number 382.0973 INT;
245 #0 - TITLE STATEMENT
Title International trade and finance: frontiers for research
260 ## - PUBLICATION, DISTRIBUTION, ETC. (IMPRINT)
Place of publication Cambridge
Name of publisher Cambridge University Press
Year of publication 1975
300 ## - PHYSICAL DESCRIPTION
Number of Pages xvii, 539p.
650 ## - SUBJECT ADDED ENTRY--TOPICAL TERM
Topical Term Economic policy
650 ## - SUBJECT ADDED ENTRY--TOPICAL TERM
Topical Term Lectures and lecturing
650 ## - SUBJECT ADDED ENTRY--TOPICAL TERM
Topical Term Economic development
650 ## - SUBJECT ADDED ENTRY--TOPICAL TERM
Topical Term Econometrics
700 ## - ADDED ENTRY--PERSONAL NAME
Personal name Kenen, Peter B
942 ## - ADDED ENTRY ELEMENTS (KOHA)
Koha item type Books
Holdings
Withdrawn status Lost status Damaged status Not for loan Home library Current library Date acquired Full call number Accession Number Price effective from Koha item type
        NASSDOC Library NASSDOC Library 08/06/2004 382.0973 INT; 8734 18/04/2019 Books